Nem üldöznek senkit a szegedi Kossuth laktanyában A miniszter válasza
Elmentve itt :
| Dokumentumtípus: | Cikk |
|---|---|
| Megjelent: |
1989-08-17
|
| Sorozat: | Délmagyarország
79 No. 193 |
| Kulcsszavak: | egyházak-vallási élet, honvédség |
| Online Access: | http://dmarchiv.bibl.u-szeged.hu/110930 |
| LEADER | 00471nab a2200145 i 4500 | ||
|---|---|---|---|
| 001 | delm110930 | ||
| 005 | 20190920140210.0 | ||
| 008 | 190920s1989 hu o 0|| hun d | ||
| 040 | |a SZTE Délmagyarország Archívum |b hun | ||
| 041 | |a hun | ||
| 245 | 0 | 4 | |a Nem üldöznek senkit a szegedi Kossuth laktanyában |h [elektronikus dokumentum] : |b A miniszter válasza |
| 260 | |c 1989-08-17 | ||
| 300 | |a 3 | ||
| 490 | 0 | |a Délmagyarország |v 79 No. 193 | |
| 695 | |a egyházak-vallási élet, honvédség | ||